House abandonment action (Record no. 69960)
[ view plain ]
| 000 -LEADER | |
|---|---|
| fixed length control field | 00752cam a2200193 4500 |
| 001 - CONTROL NUMBER | |
| control field | WB3813-13 |
| 008 - FIXED-LENGTH DATA ELEMENTS--GENERAL INFORMATION | |
| fixed length control field | 020410n2002 000 0 eng u |
| 035 ## - SYSTEM CONTROL NUMBER | |
| System control number | (Sirsi) u117434 |
| 245 ## - TITLE STATEMENT | |
| Title | House abandonment action |
| 260 ## - PUBLICATION, DISTRIBUTION, ETC. | |
| Date of publication, distribution, etc. | 2002 |
| 490 ## - SERIES STATEMENT | |
| Series statement | DTLR News Release |
| Volume/sequential designation | (2002/0154) 10 April 2002, (2) |
| 520 ## - SUMMARY, ETC. | |
| Summary, etc. | Nine government-led pathfinder projects located in the North and West Midlands have been announced to find ways of revitalising rundown city housing areas. Areas to be covered range from 40 000 to 120 000 properties. http://www.press.dtlr.gov.uk/pns/DisplayPN.cgi?pn_id=2002_0154 |
| 590 ## - LOCAL NOTE (RLIN) | |
| Local note | WB |
| 650 ## - SUBJECT ADDED ENTRY--TOPICAL TERM | |
| Topical term or geographic name entry element | SOCIAL HOUSING |
| 650 ## - SUBJECT ADDED ENTRY--TOPICAL TERM | |
| Topical term or geographic name entry element | PATHFINDER PROJECTS |
| 650 ## - SUBJECT ADDED ENTRY--TOPICAL TERM | |
| Topical term or geographic name entry element | DERELICT BUILDINGS |
| 690 ## - LOCAL SUBJECT ADDED ENTRY--TOPICAL TERM (OCLC, RLIN) | |
| Topical term or geographic name as entry element | HOUSING |
| 942 ## - ADDED ENTRY ELEMENTS (KOHA) | |
| Suppress in OPAC | 0 |
| Withdrawn status | Lost status | Source of classification or shelving scheme | Damaged status | Not for loan | Home library | Current library | Shelving location | Date acquired | Total Checkouts | Barcode | Date last seen | Copy number | Price effective from | Koha item type |
|---|---|---|---|---|---|---|---|---|---|---|---|---|---|---|
| Dewey Decimal Classification | London | London | News article | 10/04/2002 | 117434-1001 | 06/08/2019 | 1 | 06/08/2019 | News article |